000
00249nam a22001217a 4500
040
_c
SY
082
_a
627
100
_a
ឡោ លីតួ
245
_a
ម៉េកានិកដី
260
_a
RUA
_b
ឡោ
_c
2011
300
_a
52p.
942
_c
KB
999
_c
9765
_d
9765